Outsourcing a jeho využívanie v podniku bakalárska práca

Enregistré dans:
Détails bibliographiques
Auteur principal: Šebo, Martin
Collectivité auteur: Fakulta podnikového manažmentu EU. Katedra manažmentu
Autres auteurs: Roháľová-Ilkivová, Hana
Format: Livre
Langue:slovaque
Publié: Bratislava 2011
Tags: Ajouter un tag
Pas de tags, Soyez le premier à ajouter un tag!

MARC

LEADER 00000nbm a2200000 4500
001 0140239
005 20161109111714.2
041 0 |a slo 
044 |a SK 
245 1 0 |a Outsourcing a jeho využívanie v podniku  |b bakalárska práca  |c Martin Šebo ; školiteľ: Hana Roháľová-Ilkivová 
264 1 |a Bratislava  |c 2011 
300 |a 50 s. 
100 1 |a Šebo, Martin 
700 1 |a Roháľová-Ilkivová, Hana 
710 2 |a Fakulta podnikového manažmentu EU. Katedra manažmentu